000 00522nam a2200217Ia 4500
003 OSt
005 20220924134837.0
006 a|||||r|||| 00| 0
007 ta
008 220923b |||||||| |||| 00| 0 ben d
024 _a287561
037 _cTextual
040 _aARTS
_cARTS
_bben
041 _2ben
_aben
082 _aH4132, 157K5
100 _aBandopadhaya
_9209376
245 0 _aBhumikampa
260 _c1965
942 _hH4132, 157K5
_cTEXL
_2CC
999 _c438855
_d438855